000 01481cam a2200349 a 4500
001 priceyoupaynovel00summ
003 CaSfIA
005 20210118211959.0
007 cr||||
008 930915s1993 nyu 000 0 eng
010 _a 93036960
040 _aDLC
_cDLC
_dBTCTA
_dYDXCP
_dBAKER
_dOCLCG
_dCNVPL
_dCaSfIA
020 _a1567430473 :
_c$19.95
020 _a9781567430479
035 _a(OCoLC)28964276
050 0 0 _aPS3569.U388
_bP75 1993
082 0 0 _a813/.54
_220
100 1 _aSummers, Barbara,
_d1944-
245 1 4 _aThe price you pay :
_h[electronic resource]
_ba novel /
_cby Barbara Summers.
250 _a1st ed.
260 _aNew York :
_bAmistad,
_cc1993.
300 _a296 p. ;
_c23 cm.
650 0 _aModels (Persons)
_vFiction.
856 4 2 _3Publisher description
_uhttp://www.loc.gov/catdir/description/hc043/93036960.html
856 4 1 _uhttp://www.archive.org/details/priceyoupaynovel00summ
_zFree eBook from the Internet Archive
856 4 2 _uhttp://www.openlibrary.org/books/OL1425918M
_zAdditional information and access via Open Library
029 1 _aYDXCP
_b1204672
029 1 _aAU@
_b000010580730
942 _cEB
506 _fНеобхідна авторизація на https://archive.org/ (створення облікового запису безкоштовно)
506 _fНеобхідна авторизація на https://openlibrary.org/ (створення облікового запису безкоштовно)
999 _c539025
_d539025